LEADER 01514nam a2200325 a 4500 001 000000126372 003 CaOOAMICUS 005 20110922103445.0 008 110922s2009 it b u000 u ita r 020 $a978-88-394-0766-5 040 $aPUL$bita 082 04$a291.205 245 00$aLettere ittite di re e dignitari :$bLa corrispondenza interna del Medio Regno e dell'Età Imperiale /$ca cura di Marco Marizza. 260 $aBrescia :$bPaideia,$c©2009. 300 $a227 p. :$bc. geogr. ;$c21 cm 490 1 $aTesti del Vicino Oriente antico.$a4, Letterature dell'Asia Minore ;$v3 500 $aComprende indici. 504 $aBibliografia p. 197-[214]. 650 4$aHittiti$xStoria.$0(OLS)http://pul/subject/25138 650 4$aStoriografia antica.$0(OLS)http://pul/subject/2600 700 1 $aMarizza, Marco.$0(OLS)http://pul/name/80389 830 0$aTesti del Vicino Oriente antico.$n4,$pLetterature dell'Asia Minore ;$v3.$0(OLS)http://pul/title/92598 850 $aPUL 852 $aPUL$W1$xSL Religione 3$y85$m291. 205 COLL 1.4.3$j145841$qDDC 21$B144638$CPULBib$Z2$F144638 $H118019 $82 941 1 $a9 996 $6020$a978-88-394-0766-5$9(OLS)http://pul/number/148002 996 $6082$a291.205$9(OLS)http://pul/classification/2114 996 $6245$aLettere ittite di re e dignitari :$bLa corrispondenza interna del Medio Regno e dell'Età Imperiale$9(OLS)http://pul/title/159596 996 $6260$aBrescia :$bPaideia$9(OLS)http://pul/publisher/47884 LEADER 01487nam a2200325 u 4500 001 000000055570 003 CaOOAMICUS 005 20070226115811.0 008 010207s1969 it u000 u ita u 035 $a10867260 040 $aPUL(R)$bita 041 1 $aita$hlat 110 2 $aPapi (1963-1978 : Paulus PP. VI).$0(OLS)http://pul/name/5329 240 10$aHumanae vitae.$lItaliano.$0(OLS)http://pul/title/62865 245 12$aL'Enciclica contestata :$btesto integrale della "Humanae vitae", documenti episcopali ... /$cprefazione di Ernesto Balducci. 260 $aRoma :$bGherardo Casini editore,$cc1969. 300 $a250 p. ;$c18 cm 490 1 $aFrontiere ;$v11 610 24$aPapi (1963-1978 : Paulus PP. VI).$tHumanae vitae.$0(OLS)http://pul/subject/13622 650 4$aLimitazione delle nascite.$0(OLS)http://pul/subject/13623 700 1 $aBalducci, Ernesto,$csac.,$d1922-1992.$0(OLS)http://pul/name/10341 830 0$aFrontiere ;$v11.$0(OLS)http://pul/title/281 850 $aPUL 852 $aPUL$W1$xCollocazioni Temporanee$y24$mGP2 A VIII.13$j73034$nBK-PRI$b $qStampati$B73034$CPULBib$Z2$F73034 $81 900 $aPaulus PP.$bVI,$cs.,$d1897-1978$95329 900 $aPaulus PP.$bVI,$cs.,$d1897-1978$95329 941 1 $a8 961 $aINV: 0336 996 $6245$aL'Enciclica contestata :$btesto integrale della "Humanae vitae", documenti episcopali ...$9(OLS)http://pul/title/74374 996 $6260$aRoma :$bGherardo Casini editore$9(OLS)http://pul/publisher/69031